000 00447nam a2200157 a 4500
001 3625
005 20140414131905.0
008 060920s19uu xx 00 eng d
020 _a0-553-15758-2
050 _aFIC
_bSt4 1989
100 _aStewart, Molly Mia
245 _aSweetvalley kids #1 :
_bsurprise! surprise! /
_cby Molly Mia Stewart.
260 _aNew York :
_bA Bantam Skylark Book,
_cc1989.
300 _a73 p. ; cm.
999 _c110911
_d110911